Shakespearean Tragedy (Запис № 580416)

МАРК-запис
000 -Лідер
fixed length control field 01465nam a22002657a 4500
001 - Контрольний номер
control field 2162214035926737
003 - Ідентифікатор контрольного номера
control field UA-OsUOA
005 - Дата та час останнього входження (трансакції)
control field 20260419123723.0
008 - Елементи даних фіксованої довжини – загальна інформація
fixed length control field 260419b -uk||||| |||| 00| 0 eng d
020 ## - Міжнародний стандартний книжковий номер (ISBN)
Міжнародний стандартний книжковий номер (ISBN) (НП) 9780140530193
040 ## - Джерело каталогізації
Агенція оригінальної каталогізації UA-OsUOA
Мова каталогізації eng
Агенція, яка здійснювала перезапис UA-OsUOA
Агенція, яка здійснювала модифікацію UA-OsUOA
041 ## - Код мови
Код мови тексту/ звукової доріжки чи окремого заголовка (П) eng
080 ## - Індекс Універсальної десяткової класифікації
Індекс Універсальної десяткової класифікації (УДК) (НП) 82.09
090 ## - Локальний шифр розміщення
Класифікаційний індекс УДК 82.09
Авторський знак (НП) B84
100 ## - Основне введення – ім’я особи
Ім’я особи (НП) Bradley A. C.
9 (RLIN) 24984
245 ## - Відомості про назву
Назва (НП) Shakespearean Tragedy
Решта назви (НП) Lectures on Hamlet, Othello, King Lear, Macbeth
Дані про відповідальність (НП) A. C. Bradley ; with a Foreword by John Bayley
260 ## - Публікація, розповсюдження і т.п. (Вихідні дані)
Місце публікації, розповсюдження і т.п. (П) London
-- New York
Ім’я/ наймення видавництва, розповсюджувача і т.п. (П) Penguin Books
Дата публікації, розповсюдження і т.п. (П) 1991
300 ## - Фізичний опис
Обсяг 474 p.
490 ## - Область серії
Назва серії New Penguin Shakespeare Library
520 ## - Резюме і т.п.
Резюме, реферат, анотація, тощо (НП) Approaching the Shakespearean tragedies as drama, wondering about their characters as he might have wondered about people in novels or in life, Bradley is one of the most liberating in the line of distinguished Shakespeare critics. His acute yet undogmatic and almost conversational critical method has - despite fluctuations in fashion - remained enduringly popular and influential. For, as John Bayley observes, these lectures give us a true and exhilarating sense of 'the tragedies joining up with life, with all our lives; leading us into a perspective of possibilities that stretch forward and back in time, and in our total awareness of things.'
650 ## - Додаткове предметне введення – тематичний термін
Джерело заголовка чи терміна UDC
Тематичний термін чи географічна назва, як елемент введення (НП) 82 Література. Літературознавство
9 (RLIN) 15
700 1# - Додаткове введення – ім'я особи
Ім’я особи (НП) Bayley J.
9 (RLIN) 24985
942 ## - Додаткові елементи входу (Коха)
Source of classification or shelving scheme Universal Decimal Classification
Тип елемента Koha Книги
955 ## - Код типу видання за змістом
Код типу видання за змістом (НП) Навчальні видання
Фонди
Стан вилучень Стан втрат Джерело класифікації або схеми стелажів Стан уражень Не для кредиту Постійне місце розташування Поточне розміщення Дата придбання Вартість, звичайна ціна покупки Інвентарний номер Усього замовленно Повний номер виклику Штрих-код Дата останнього перегляду Вартість, ціна заміни Ціна ефективна від Тип елемента Koha
    Universal Decimal Classification     ВІЛ - Відділ іноземн. літератури НБ ВІЛ - Відділ іноземн. літератури НБ 19/04/2026 40.00 208560   82.09 B84 208560 19/04/2026 40.00 19/04/2026 Книги